Foxpro hướng dẫn sử dụng, lập trình cơ bản và nâng cao

Sách trình bày lý thuyết Foxpro và các ví dụ áp dụng trong chế độ làm việc trực tiếp, chương trình Foxpro gồm các lệnh trong chế độ làm việc trực tiếp để tạo các tệp CSDL và quản lý dữ liệu, các ví dụ áp dụng trong quản lý lương và kê...

Full description

Saved in:
Bibliographic Details
Main Author: Hoàng Hồng
Format: Book
Language:Undetermined
Published: Hà Nội Giao Thông Vận Tải 1997
Subjects:
Tags: Add Tag
No Tags, Be the first to tag this record!
Institutions: Trung tâm Học liệu Trường Đại học Cần Thơ
LEADER 01172nam a2200181Ia 4500
001 CTU_28676
008 210402s9999 xx 000 0 und d
082 |a 005.7565 
082 |b H455/1 
100 |a Hoàng Hồng 
245 0 |a Foxpro hướng dẫn sử dụng, lập trình cơ bản và nâng cao 
245 0 |c Hoàng Hồng 
260 |a Hà Nội 
260 |b Giao Thông Vận Tải 
260 |c 1997 
520 |a Sách trình bày lý thuyết Foxpro và các ví dụ áp dụng trong chế độ làm việc trực tiếp, chương trình Foxpro gồm các lệnh trong chế độ làm việc trực tiếp để tạo các tệp CSDL và quản lý dữ liệu, các ví dụ áp dụng trong quản lý lương và kế toán, các cấu trúc lập trình, các kỹ thuật lập trình và sau cùng sách giới thiệu một hệ chương trình hoàn thiện để quản lý vật tư 
650 |a foxpro( computer program language ),management - computer programs 
980 |a Trung tâm Học liệu Trường Đại học Cần Thơ